From sessional paper no. 10 to structural adjustment : (Record no. 12790)

MARC details
000 -LEADER
fixed length control field 00614cam a22001932 4500
001 - CONTROL NUMBER
control field 0000003184
005 - DATE AND TIME OF LATEST TRANSACTION
control field 20151217155819.0
008 - FIXED-LENGTH DATA ELEMENTS--GENERAL INFORMATION
fixed length control field 070430s xx 000 0 eng d
040 ## - CATALOGING SOURCE
Original cataloging agency KABU
Transcribing agency KABU
050 #0 - LIBRARY OF CONGRESS CALL NUMBER
Classification number HC865
Item number .F76
245 10 - TITLE STATEMENT
Title From sessional paper no. 10 to structural adjustment :
Remainder of title towards indigenising the policy debate /
Statement of responsibility, etc. ed. by Wasunna Owino.
260 ## - PUBLICATION, DISTRIBUTION, ETC. (IMPRINT)
Place of publication, distribution, etc. Nairobi :
Name of publisher, distributor, etc. IPAR,
Date of publication, distribution, etc. 1997.
300 ## - PHYSICAL DESCRIPTION
Extent 50 p.
651 #0 - SUBJECT ADDED ENTRY--GEOGRAPHIC NAME
Geographic name Kenya
General subdivision Economic conditions.
-- 0000148722
700 1# - ADDED ENTRY--PERSONAL NAME
Personal name Owino Wasunna.
-- 0000152884
908 ## - PUT COMMAND PARAMETER (RLIN)
Put command parameter 070430
950 ## - LOCAL HOLDINGS (RLIN)
-- 1
Holdings
Withdrawn status Lost status Source of classification or shelving scheme Not for loan Home library Current library Date acquired Total Checkouts Full call number Barcode Date last seen Price effective from Koha item type
    Library of Congress Classification   Kabarak, Main Campus Kabarak, Main Campus 17/12/2015   HC865 .F76 004060 17/12/2015 17/12/2015 Africana Collection
Designed with assistance from East African Informatics Ltd